<?xml version="1.0" encoding="UTF-8"?>
<record
    xmlns:xsi="http://www.w3.org/2001/XMLSchema-instance"
    xsi:schemaLocation="http://www.loc.gov/MARC21/slim http://www.loc.gov/standards/marcxml/schema/MARC21slim.xsd"
    xmlns="http://www.loc.gov/MARC21/slim">

  <leader>00349nam a2200121Ia 4500</leader>
  <controlfield tag="008">171211s9999    xx            000 0 und d</controlfield>
  <datafield tag="020" ind1=" " ind2=" ">
    <subfield code="a">9780323295680</subfield>
  </datafield>
  <datafield tag="100" ind1=" " ind2=" ">
    <subfield code="a">McPherson, Richard A.</subfield>
  </datafield>
  <datafield tag="245" ind1=" " ind2=" ">
    <subfield code="a">Henry's Clinical Diagnosis and Management by Laboratory Methods</subfield>
  </datafield>
  <datafield tag="250" ind1=" " ind2=" ">
    <subfield code="a">23 Edition</subfield>
  </datafield>
  <datafield tag="260" ind1=" " ind2=" ">
    <subfield code="b">Elsevier, Inc.</subfield>
    <subfield code="c">2017</subfield>
  </datafield>
  <datafield tag="300" ind1=" " ind2=" ">
    <subfield code="a">1565 pages</subfield>
  </datafield>
  <datafield tag="999" ind1=" " ind2=" ">
    <subfield code="c">350932</subfield>
    <subfield code="d">350932</subfield>
  </datafield>
  <datafield tag="952" ind1=" " ind2=" ">
    <subfield code="0">0</subfield>
    <subfield code="1">0</subfield>
    <subfield code="4">0</subfield>
    <subfield code="a">SSLC</subfield>
    <subfield code="b">SSLC</subfield>
    <subfield code="c">SSLC</subfield>
    <subfield code="d">2017-12-11</subfield>
    <subfield code="e">Library Fund</subfield>
    <subfield code="l">1</subfield>
    <subfield code="m">19</subfield>
    <subfield code="o">RB 37 .M478 2017</subfield>
    <subfield code="p">SSLC1576</subfield>
    <subfield code="r">2018-11-19 00:00:00</subfield>
    <subfield code="s">2018-07-05</subfield>
    <subfield code="w">2017-12-11</subfield>
    <subfield code="y">BK</subfield>
  </datafield>
</record>
